Địa hình bề mặt trái đất Giáo trình đại học Sư phạm
Một số khái niệm cơ bản về địa hình và ý nghĩa của việc nghiên cứu địa hình. Vai trò của các nhân tố nội lực và ngoại lực trong thành tạo địa hình. Địa hình lục địa, địa hình đáy biển và đại dương
Gardado en:
| Autor Principal: | |
|---|---|
| Formato: | Libro |
| Idioma: | Vietnamese |
| Publicado: |
H.
Đại học Sư phạm
2006
|
| Những chủ đề: | |
| Các nhãn: |
Engadir etiqueta
Sen Etiquetas, Sexa o primeiro en etiquetar este rexistro!
|
| Thư viện lưu trữ: | Mạng thư viện Đại học Đà Nẵng |
|---|
| LEADER | 01437nam a2200361 4500 | ||
|---|---|---|---|
| 001 | 000008687 | ||
| 003 | 4879 | ||
| 005 | 20120329070308.0 | ||
| 008 | 111019s2006 viesd | ||
| 020 | |c 20000đ | ||
| 041 | 0 | |a vie | |
| 082 | |a 551.41 |b PH-Đ | ||
| 100 | 0 | |a Phùng Ngọc Đĩnh | |
| 245 | 0 | |a Địa hình bề mặt trái đất |b Giáo trình đại học Sư phạm |c Phùng Ngọc Đĩnh | |
| 260 | |a H. |b Đại học Sư phạm |c 2006 | ||
| 300 | |a 193tr |b hình vẽ |c 21cm | ||
| 504 | |a Thư mục: tr. 193 | ||
| 520 | |a Một số khái niệm cơ bản về địa hình và ý nghĩa của việc nghiên cứu địa hình. Vai trò của các nhân tố nội lực và ngoại lực trong thành tạo địa hình. Địa hình lục địa, địa hình đáy biển và đại dương | ||
| 650 | |a Trái đất | ||
| 650 | |a Địa hình | ||
| 650 | |a Địa lí tự nhiên | ||
| 653 | |a Giáo trình | ||
| 910 | |a lê thị quỳnh |d 19/10/2011 | ||
| OWN | |a LSP | ||
| AVA | |a UDN50 |b LSP |d 551.41 PH-Đ |e check_holdings |t Error 5003 Not defined in file expand_doc_bib_avail. |h N |k 1 | ||
| 999 | |a From the UDN01 | ||
| AVA | |a UDN50 |b LSP |d 551.41 PH-Đ |e available |t Error 5001 Not defined in file expand_doc_bib_avail. |f 69 |g 4 |h N |i 9 |k 1 | ||
| TYP | |a Monograph | ||
| TYP | |a Printed language | ||
| 980 | |a Mạng thư viện Đại học Đà Nẵng | ||